Statistics for Austria... or Australia?

Click here to take the quiz!

General Stats

  • This quiz has been taken 145 times
  • The average score is 10 of 15

Answer Stats

QuestionAnswer% Correct
Is landlockedAustria
95%
It's largest export is iron oreAustralia
86%
Is the birthplace of Rupert MurdochAustralia
81%
Has a population around 8 millionAustria
81%
Has hosted the Olympics (Winter or Summer)Both
79%
Flag has three different colors on itAustralia
75%
Is more than 50% catholicAustria
74%
Currently has a queenAustralia
72%
Has a capital on a major riverAustria
70%
Has a mountain over 10,000 feetAustria
70%
Has the fourth highest median household income in the worldAustralia
64%
Fought in World War IBoth
58%
Contains at least one U.S military baseAustralia
47%
It's name comes from the word for a cardinal directionBoth
45%
Is prone to tornadoesBoth
3%

Score Distribution

Percentile by Number Answered

Percent of People with Each Score

Your Score History

You have not taken this quiz